20 Questions: Stanley Kubrick Quiz Stats

 Plays Quiz not verified by Sporcle

Score 0/20 Timer 08:00
2 Plays Today
Question Answer Wrong Answers
Dr. Strangelove or: How I Learned to Stop Worrying and Love _______? the Bomb
91.2%
the President
1.3%
my Wife
2.9%
God
1.7%
In an iconic scene, what do the defeated slaves do when Crassus demands they identify Spartacus? One-by-one, stand and shout 'I'M SPARTACUS!'
89.3%
Identify Spartacus who begins to weep bitterly
2.3%
They all point at Crassus
2.9%
They kill themselves
2%
Which actor was required by Columbia Pictures to play multiple roles in 'Dr Strangelove'? Peter Sellers
86.9%
Slim Pickens
2.2%
George C Scott
5.2%
Sterling Hayden
2.6%
In which event have conspiracy theorists claimed that Stanley Kubrick took part? Faked Moon Landing
85%
Kennedy Assassination
5.3%
Area 51 Cover-Up
5.8%
Jets-Colts Super Bowl III Fix
1.3%
For which film did Kubrick have hand-crafted Italian masks made? Eyes Wide Shut
80.4%
A Clockwork Orange
9.8%
Barry Lyndon
4.6%
The Shining
1.7%
Which was not a documentary directed by Stanley Kubrick? A.I. Artificial Intelligence
79.8%
The Seafarers
5.4%
Flying Padre
6.8%
Day of the Fight
4.7%
Which author reportedly hated Kubrick's film adaptation of his novel? Stephen King
78.3%
Gustav Hasford
1.7%
Vladimir Nabokov
14.5%
William Makepeace Thackeray
2.4%
Why was there controversy over the final cut of 'Eyes Wide Shut'? Kubrick died while the film was still in post-production
65.8%
Tom Cruise had Kubrick fired so he could finish it himself
2.6%
A mishap at Warner Bros led to the wrong cut being distributed
9.1%
Nicole Kidman wasn't told she'd be naked in the film
19.6%
Which film was created concurrently with the author of the accompanying novel? 2001: A Space Odyssey
62.2%
Spartacus
3.1%
Lolita
11.6%
A Clockwork Orange
19.9%
For which movie did Kubrick acquire special lenses so he could film by candlelight? Barry Lyndon
60.6%
A Clockwork Orange
4.5%
Eyes Wide Shut
25.6%
2001: A Space Odyssey
6%
Kubrick was pushed out of directing 'One-Eyed Jacks' by which Hollywood superstar? Marlon Brando
58.8%
Charles Laughton
3.6%
Warren Beatty
21%
Paul Newman
13.7%
Which of Kubrick's unrealized projects was to star Jack Nicholson? Napoleon
54.3%
Shadow on the Sun
17.1%
Lunatic at Large
17.2%
Aryan Papers
7.9%
Why did Kubrick have 'A Clockwork Orange' pulled from all theaters in England until after his death? A number of violent crimes took place similar to scenes from the film
51%
The Catholic Church led a successful boycott of the film
5.2%
He was protesting the high taxes he had to pay in England
10.5%
The film was censored and re-edited by the BBC
30.2%
Which filmmaker was NOT an influence on Kubrick and his work? Frank Capra
49.7%
Orson Welles
17.3%
Federico Fellini
15.2%
Ingmar Bergman
14.7%
Had he realized how difficult the censorship problems were going to be, Kubrick said that he probably wouldn't have made which film? Lolita
45.7%
Eyes Wide Shut
10.7%
A Clockwork Orange
39.8%
Killer's Kiss
1%
Which of his films did Kubrick hate so much that he tried to buy the negatives so he could prevent people from seeing it? Fear and Desire
42.2%
Dr Strangelove
8.5%
Lolita
17.2%
Killer's Kiss
29.2%
'Full Metal Jacket' was filmed entirely in which country? England
40.2%
Vietnam
42.5%
China
5.4%
Brazil
9.1%
What is the plot of Kubrick's film noir 'The Killing'? Robbery of a racetrack gone bad
38.1%
The assassination of a corporate CEO
8%
Husband kills his wife over her betrayal
24%
Partners rob a bank and then kill each other
27.1%
Which actor turned down Kubrick's offer to play Joker in 'Full Metal Jacket' because of a disagreement over money? Anthony Michael Hall
26.3%
Bruce Willis
23.8%
Denzel Washington
3.6%
Val Kilmer
42.9%
For years after its release in 1956, 'Paths of Glory' was banned in all but which one of these countries? Ireland
22.8%
France
28.2%
Switzerland
35.4%
Spain
10.9%

You're not logged in!

Compare scores with friends on all Sporcle quizzes.
OR
Log In

Show Comments

Extras

Top Quizzes Today


Score Distribution

Your Account Isn't Verified!

In order to create a playlist on Sporcle, you need to verify the email address you used during registration. Go to your Sporcle Settings to finish the process.

Report this User

Report this user for behavior that violates our Community Guidelines.

Details: